[Event "FRA-ch U14"]
[Site "Pau"]
[Date "2015.04.29"]
[Round "5"]
[White "Vlachos, Anatole"]
[Black "Mokrani, Rayan"]
[Result "1/2-1/2"]
[WhiteElo "2123"]
[BlackElo "1872"]
[PlyCount "63"]
[EventDate "2015.04.26"]
[EventType "swiss"]
[EventRounds "9"]
[EventCountry "FRA"]
[SourceTitle "CBM 166 Extra"]
[Source "ChessBase"]
[SourceDate "2015.06.18"]
[SourceVersion "1"]
[SourceVersionDate "2015.06.18"]
[SourceQuality "1"]

1. e4 c5 2. Nc3 a6 3. f4 e6 4. Nf3 b5 5. d4 cxd4 6. Qxd4 Nc6 7. Qf2 Bb7 8. Bd3 Bb4 9. Bd2 Nge7 10. 0-0-0 Rc8 11. Qg3 Qa5 12. Qxg7 Rg8 13. Qxh7 Bxc3 14. Bxc3 b4 15. Bf6 Qxa2 16. Ng5 Rf8 17. Qh5 e5 18. Nh7 Nd4 19. Kd2 Qxb2 20. Nxf8 Rxc2+ 21. Ke1 Rxg2 22. Bh4 Nc2+ 23. Bxc2 Qxc2 24. Nxd7 Qxe4+ 25. Kf1 Qxf4+ 26. Ke1 Qe3+ 27. Kf1 Qf4+ 28. Ke1 Qe3+ 29. Kf1 Qf4+ 30. Ke1 Qe3+ 31. Kf1 Qf4+ 32. Ke1 1/2-1/2

[Event "FRA-ch U14"]
[Site "Pau"]
[Date "2015.04.28"]
[Round "4"]
[White "Lagarde, Dimitri"]
[Black "Mokrani, Rayan"]
[Result "1/2-1/2"]
[WhiteElo "2093"]
[BlackElo "1872"]
[PlyCount "105"]
[EventDate "2015.04.26"]
[EventType "swiss"]
[EventRounds "9"]
[EventCountry "FRA"]
[SourceTitle "CBM 166 Extra"]
[Source "ChessBase"]
[SourceDate "2015.06.18"]
[SourceVersion "1"]
[SourceVersionDate "2015.06.18"]
[SourceQuality "1"]

1. e4 c5 2. Nf3 d6 3. d4 cxd4 4. Nxd4 Nf6 5. Nc3 a6 6. h3 Nbd7 7. g4 h6 8. Bg2 e6 9. 0-0 Be7 10. f4 Qc7 11. Kh1 Nb6 12. Qf3 Nfd7 13. Qg3 Bf6 14. Nce2 Nc4 15. c3 Rb8 16. b3 Na5 17. g5 hxg5 18. fxg5 Be5 19. Qf2 Nf8 20. Ba3 Ng6 21. Nf3 b5 22. Rad1 Rb6 23. Nxe5 Nxe5 24. Qg3 0-0 25. Bxd6 Rxd6 26. Qxe5 Rd7 27. Qxc7 Rxc7 28. Rd6 Bb7 29. g6 e5 30. gxf7+ Rcxf7 31. Rxf7 Rxf7 32. Re6 Rf2 33. Nc1 Rd2 34. Bf3 Nc6 35. Rg6 Rc2 36. Ne2 Rxa2 37. Ng3 Kh7 38. Bh5 Rd2 39. Nf5 Rd7 40. Re6 Rd8 41. Bg6+ Kg8 42. Rxc6 Bxc6 43. Ne7+ Kf8 44. Nxc6 Rd3 45. Nxe5 Rxh3+ 46. Kg2 Rxc3 47. Bf7 a5 48. Bd5 a4 49. bxa4 bxa4 50. Nc6 a3 51. Nb4 g5 52. Kf2 Ke7 53. Na2 1/2-1/2

[Event "FRA-ch U12"]
[Site "Saint Paul Trois Chateaux"]
[Date "2013.05.06"]
[Round "9"]
[White "Mokrani, Rayan"]
[Black "Willems, Niels"]
[Result "0-1"]
[WhiteElo "1545"]
[BlackElo "1708"]
[PlyCount "66"]
[EventDate "2013.04.28"]
[EventType "swiss"]
[EventRounds "9"]
[EventCountry "FRA"]
[SourceTitle "CBM 154 Extra"]
[Source "ChessBase"]
[SourceDate "2013.06.25"]
[SourceVersion "2"]
[SourceVersionDate "2013.06.25"]
[SourceQuality "1"]

1. e4 c6 2. d4 d5 3. e5 Bf5 4. c3 e6 5. Bd3 Bg6 6. Bxg6 hxg6 7. Ne2 c5 8. Be3 cxd4 9. cxd4 Nc6 10. 0-0 Nh6 11. Bxh6 Rxh6 12. g3 Qg5 13. Nf4 Bb4 14. Kg2 Qf5 15. Qd3 Qxd3 16. Nxd3 Be7 17. Nc3 Nxd4 18. Rac1 Kd7 19. Na4 b6 20. Rc3 Rah8 21. Rh1 g5 22. a3 Rh3 23. Ne1 g4 24. Rd3 Nc6 25. Re3 d4 26. Re4 b5 27. Nc3 dxc3 28. bxc3 Bxa3 29. Rxg4 Nxe5 30. Rg5 R3h5 31. Rxg7 Bf8 32. g4 Rxh2+ 33. Rxh2 Rxh2+ 0-1

[Event "FRA-ch U12"]
[Site "Saint Paul Trois Chateaux"]
[Date "2013.05.04"]
[Round "7"]
[White "Trouve, Guillaume"]
[Black "Mokrani, Rayan"]
[Result "1-0"]
[WhiteElo "1889"]
[BlackElo "1545"]
[PlyCount "72"]
[EventDate "2013.04.28"]
[EventType "swiss"]
[EventRounds "9"]
[EventCountry "FRA"]
[SourceTitle "CBM 154 Extra"]
[Source "ChessBase"]
[SourceDate "2013.06.25"]
[SourceVersion "2"]
[SourceVersionDate "2013.06.25"]
[SourceQuality "1"]

1. e4 c5 2. Nf3 d6 3. d4 cxd4 4. Nxd4 Nf6 5. Nc3 a6 6. Be3 b5 7. a4 b4 8. Nd5 Nxd5 9. exd5 Bb7 10. Bc4 Nd7 11. a5 Qc7 12. Bb3 Nc5 13. 0-0 g6 14. Qd2 Bg7 15. Qxb4 0-0 16. Bc4 Rab8 17. Qd2 Rfc8 18. b3 Ne4 19. Qd3 Nc5 20. Qe2 Ra8 21. Rfd1 Ne4 22. Qe1 Nf6 23. Nf3 Nxd5 24. Bxd5 Bxa1 25. Bxf7+ Kxf7 26. Ng5+ Kg8 27. Rxa1 Qxc2 28. Bb6 e5 29. Rd1 Qc3 30. Qe2 Qxb3 31. h4 d5 32. Rd3 Qb1+ 33. Kh2 e4 34. Qg4 Rc6 35. Qd7 Rf6 36. Bc5 Qc2 1-0